Statistiques concernant Morse II

Cliquez ici pour prendre le quiz!

Statistiques générales

  • Ce quiz a été pris 12 fois
  • Le résultat moyen est 23 sur 33

Statistiques - réponses

morse lettre/chiffre % Correct
.-A
100%
.E
83%
-..D
83%
..-.F
83%
-.-.C
83%
-T
83%
.-.R
83%
..I
83%
...S
83%
---O
83%
-.N
75%
--.G
75%
---..8
67%
-....6
67%
--.-Q
67%
.-..L
67%
--M
67%
.--.P
67%
.---J
67%
..---2
67%
-...B
67%
...-V
67%
.----1
67%
-----0
58%
....-4
58%
----.9
58%
...--3
58%
.....5
58%
--..Z
58%
-..-X
58%
--...7
50%
.--W
50%
..-U
50%

Distribution des résultats

Percentile by Number Answered

% des personnes avec chaque résultat

Votre développement - résultats

Vous n’avez pas pris ce quiz